000 00559nam 22001813 4500
001 200643
090 _a200643
100 _a20260219d u||y0pory50 ba
200 _aAntologia de poesia universitária
_forganizada por Alfredo Barroso...[et al.]
210 _aLisboa
_cPortugália Editora
_d1964
215 _a189, [4] p.
_cbrochado
_d21 cm
225 _aNovos
_epoetas
_h3
_v8
606 _94417
_aLiteratura Portuguesa Antologia
675 _a821.134.3-82
_vPT
_zpor
702 _916413
_aBarroso
_bAlfredo
801 _aPT
_bBMMN
_gRPC
830 _cAna
_fAna
990 _cLIVROS